Humanitární logistika využíva velbloudy i drony
Humanitárna organizácia Lékaři bez hranic (Médecins Sans Frontiéres). Logistika ako najdôležitejší článok celej organizácie. Logistika v krízových situáciách. Krízové riadenie s pomocou moderných technológií.
Salvato in:
| Autore principale: | |
|---|---|
| Natura: | Capitolo di libro |
| Lingua: | ceco |
| Soggetti: | |
| Tags: |
Nessun Tag, puoi essere il primo ad aggiungerne!!
|
MARC
| LEADER | 00000naa a2200000 4500 | ||
|---|---|---|---|
| 001 | 0267817 | ||
| 005 | 20251204130822.9 | ||
| 041 | 0 | |a cze | |
| 044 | |a CZ | ||
| 245 | 1 | 0 | |a Humanitární logistika využíva velbloudy i drony |c Eva Blechová |
| 520 | |a Humanitárna organizácia Lékaři bez hranic (Médecins Sans Frontiéres). Logistika ako najdôležitejší článok celej organizácie. Logistika v krízových situáciách. Krízové riadenie s pomocou moderných technológií. | ||
| 610 | 2 | 0 | |a logistika |
| 610 | 2 | 0 | |a sklady |
| 610 | 2 | 0 | |a preprava |
| 610 | 2 | 0 | |a drony |
| 610 | 2 | 0 | |a systémy logistické |
| 610 | 2 | 0 | |a zdravotníci |
| 610 | 2 | 0 | |a organizácie medzinárodné |
| 610 | 2 | 0 | |a zásobovanie materiálno-technické |
| 100 | 1 | |a Blechová, Eva | |